Teorías psicométricas y construcción de tests
Guardat en:
| Autor principal: | |
|---|---|
| Format: | Llibre |
| Idioma: | espanyol |
| Publicat: |
Buenos Aires
Lugar
1999
|
| Matèries: | |
| Etiquetes: |
Afegir etiqueta
Sense etiquetes, Sigues el primer a etiquetar aquest registre!
|
MARC
| LEADER | 00000nam a2200000 a 4500 | ||
|---|---|---|---|
| 001 | UCI6961 | ||
| 003 | CL-VaPUC | ||
| 008 | 080605e19990000AG |||||||||||||||||spa|d | ||
| 020 | |a 9508920688 | ||
| 082 | 0 | 4 | |a 150.287 |b COR |2 21 |
| 100 | 0 | |a Cortada de Kohan, Nuria |e author |9 530067 | |
| 245 | 1 | 0 | |a Teorías psicométricas y construcción de tests |
| 300 | |a 134 p | ||
| 942 | |c BK | ||
| 945 | |d 20080605 00:00:00 |a rbrito | ||
| 260 | |a Buenos Aires |b Lugar |c 1999 | ||
| 650 | 0 | |a Psicometría |9 260694 | |
| 650 | 7 | |a TEST PSICOLOGICOS |2 CL-VaPUC |9 333478 | |
| 650 | 0 | |a Rendimiento escolar |9 330254 | |
| 583 | |a last modification |c 20080605 00:00:00 |k Rodrigo Vera | ||
| 999 | |c 330394 |d 330392 | ||
| 952 | |0 0 |1 0 |4 0 |6 150_287000000000000_COR_1999 |7 0 |8 A |9 415912 |a BIBEDU |b BIBEDU |d 2019-11-22 |i 4446429 |o 150.287 COR 1999 |p 4446429 |r 2019-11-22 |w 2019-11-22 |y BK |k PSI | ||